Careers in landscape architecture.
Saved in:
| Corporate Author: | |
|---|---|
| Format: | Book |
| Language: | English |
| Published: |
[Baton Rouge, La.] :
Louisiana State University,
[1962]
|
| Subjects: | |
| Tags: |
Add Tag
No Tags, Be the first to tag this record!
|
| LEADER | 00574nam a22001697u 4500 | ||
|---|---|---|---|
| 001 | 000000346-8 | ||
| 005 | 20020606090541.3 | ||
| 008 | 830127|1962 ||||||| |||| |0||||eng|d | ||
| 035 | 0 | |a ocm79204993 | |
| 245 | 0 | 0 | |a Careers in landscape architecture. |
| 260 | 0 | |a [Baton Rouge, La.] : |b Louisiana State University, |c [1962] | |
| 300 | |a [2] p. : |b ill. ; |c 28 cm. | ||
| 650 | 0 | |a Landscape architecture |x Study and teaching. | |
| 650 | 0 | |a Landscape architecture |x Vocational guidance. | |
| 710 | 2 | |a Louisiana State University and Agricultural and Mechanical College | |
| 988 | |a 20020608 | ||
| 906 | |0 MH | ||


